00559 2200229 4500001002100000005001500021035002000036245002300056100001400079250000600093300003500099260004300134082001000177084001700187020002200204650001800226990001700244990001700261990001700278990001700295990001700312INLIS00000000000115020190504020802 a0010-05190000411 aHutan /cL. Colvin0 aL. Colvin a- aiv, 60 hlm. :bilus. ;c25 cm. aJakarta :bPT Gading Inti Prima,c2009 a577.3 a577.3 COL h a978-979-3846-98-9 aEkologi Hutan a04127/H/2018 a04128/H/2018 a04129/H/2018 a04130/H/2018 a04131/H/2018